| 000 | 00373nam a22001337a 4500 | ||
|---|---|---|---|
| 020 | _a9789697705108 | ||
| 082 |
_a658.15095491 _bFIN |
||
| 100 | _aKashif Hamid, Muhammad Yasin Zia (Editors) | ||
| 245 | _aFinancial Management Practices in Pakistan | ||
| 260 |
_aFaisalabad _bUniversity of Agriculture, _c2022 |
||
| 300 | _a197p | ||
| 563 | _aH.B | ||
| 942 |
_2ddc _cBK |
||
| 999 |
_c595090 _d595090 |
||